000 00915nam a2200289 a 4500
001 000014412
005 20200929163841.0
008 091212s2001 sp 000 f spa d
020 _a8495501295
040 _aDO-SdBNP
_bspa
_cBNPHU
041 1 7 _aspa
_heng
_2Código de idioma MARC
082 _a813.5
_bW429L, 2001
100 1 _aWeiss, Brian,
_d1944-
_95809
240 1 0 _aOnly love is real.
_lEspañol
245 1 0 _aLazos de amor /
_cBrian Weiss ; traducción de Elena Villalonga.
250 _a7a ed.
260 _a[Madrid] :
_bSuma de Letras,
_c2001.
300 _a286 p. ;
_c18 cm.
490 1 _aPunto de lectura
_v30/1
534 _pTítulo original en inglés:
_tOnly love is real
_c1996
650 4 _aNovela estadounidense
_9262
650 4 _aLiteratura estadounidense
_9263
700 1 _aVillalonga, Elena,
_etr.
_932519
830 0 _aPunto de lectura ;
_v30/1
_93047
910 _aWM
049 _aBNGR
999 _c14003
_d14003